Administración de la educación y computación
Saved in:
| Hovedforfatter: | |
|---|---|
| Format: | Bog |
| Sprog: | spansk |
| Udgivet: |
Valparaíso
UPLACED
1989
|
| Fag: | |
| Tags: |
Tilføj Tag
Ingen Tags, Vær først til at tagge denne postø!
|
MARC
| LEADER | 00000nam a2200000 a 4500 | ||
|---|---|---|---|
| 001 | UCY2346 | ||
| 003 | CL-VaPUC | ||
| 008 | 941021e19890000CL |||||||||||||||||spa|d | ||
| 082 | 0 | 4 | |a 371.2 |b FIG |2 21 |
| 100 | 0 | |a Figueroa López, Claudio |e author |9 330388 | |
| 245 | 1 | 0 | |a Administración de la educación y computación |
| 300 | |a 74 p | ||
| 942 | |c BK | ||
| 945 | |d 19941021 00:00:00 |a rbrito | ||
| 260 | |a Valparaíso |b UPLACED |c 1989 | ||
| 650 | 0 | |a Administración de la enseñanza |9 261034 | |
| 650 | 0 | |a Gestión educacional |9 261035 | |
| 650 | 0 | |a Planificación de la educación |9 307333 | |
| 583 | |a last modification |c 20170427 01:00:21 |k Rodrigo Vera | ||
| 999 | |c 230778 |d 230776 | ||
| 952 | |0 0 |1 0 |4 0 |6 371_200000000000000_FIG_1989 |7 0 |8 P |9 233306 |a BIBEDU |b BIBEDU |c BIBEDU_PB |d 2019-11-15 |i 3019411 |o 371.2 FIG 1989 |p 3019411 |r 2019-11-15 |w 2019-11-15 |y BK |k EDU | ||